THE BODY KEEPS THE SCORE (Record no. 12556)
[ view plain ]
| 000 -LEADER | |
|---|---|
| fixed length control field | 00261nam a22000977a 4500 |
| 008 - FIXED-LENGTH DATA ELEMENTS--GENERAL INFORMATION | |
| fixed length control field | 240404b |||||||| |||| 00| 0 eng d |
| 020 ## - INTERNATIONAL STANDARD BOOK NUMBER | |
| International Standard Book Number | 9780141978611 |
| 100 ## - MAIN ENTRY--PERSONAL NAME | |
| Personal name | KOLK DER VAN BESSEL |
| 9 (RLIN) | 7757 |
| 245 ## - TITLE STATEMENT | |
| Title | THE BODY KEEPS THE SCORE |
| 260 ## - PUBLICATION, DISTRIBUTION, ETC. (IMPRINT) | |
| Place of publication, distribution, etc. | PENGUIN BOOKS |
| Name of publisher, distributor, etc. | UK |
| Date of publication, distribution, etc. | 2014 |
| Withdrawn status | Lost status | Source of classification or shelving scheme | Damaged status | Koha normalized classification for sorting | Not for loan | Home library | Current library | Shelving location | Date acquired | Total Checkouts | Full call number | Barcode | Date last seen | Date last checked out | Price effective from | Koha item type |
|---|---|---|---|---|---|---|---|---|---|---|---|---|---|---|---|---|
| Dewey Decimal Classification | KOL_150_000000000000000 | Good Samaritan School Library | Good Samaritan School Library | PSYCHOLOGY | 04/04/2024 | 3 | KOL150 | KOL17836 | 10/03/2025 | 08/29/2025 | 04/04/2024 | BOOK |